[Event "Valpovo op U20 4th"]
[Site "Valpovo"]
[Date "2011.12.04"]
[Round "6"]
[White "Imsirovic, Alen"]
[Black "Sokac, Marko"]
[Result "1-0"]
[WhiteElo "1868"]
[BlackElo "1877"]
[PlyCount "57"]
[EventDate "2011.12.02"]
[EventType "swiss (rapid)"]
[EventRounds "7"]
[EventCountry "CRO"]
[SourceTitle "EXT 2014"]
[Source "ChessBase"]
[SourceDate "2013.11.20"]
[SourceVersion "1"]
[SourceVersionDate "2013.11.20"]
[SourceQuality "1"]

1. e4 c5 2. c3 g6 3. d4 cxd4 4. cxd4 Bg7 5. Nf3 d5 6. e5 Bg4 7. Bb5+ Nc6 8. Nc3 e6 9. 0-0 Nge7 10. Bg5 0-0 11. Bxc6 bxc6 12. h3 Bxf3 13. Qxf3 Qd7 14. Na4 Nf5 15. Nc5 Qc7 16. Rfd1 h6 17. Be3 Rfd8 18. Rac1 Qb6 19. Nb3 Rab8 20. g4 Nh4 21. Qg3 g5 22. f4 f6 23. exf6 Bxf6 24. fxg5 hxg5 25. Rf1 Be7 26. Qe5 c5 27. dxc5 Qa6 28. Bd4 Nf5 29. Rxf5 1-0

[Event "CRO-chT U16"]
[Site "Nasice"]
[Date "2008.12.27"]
[Round "1"]
[White "Matejak, Karolina"]
[Black "Imsirovic, Alen"]
[Result "0-1"]
[WhiteElo "1717"]
[BlackElo "1841"]
[PlyCount "74"]
[EventDate "2008.12.27"]
[EventType "tourn"]
[EventRounds "7"]
[EventCountry "CRO"]
[SourceTitle "CBM 128 Extra"]
[Source "ChessBase"]
[SourceDate "2009.03.05"]
[SourceVersion "2"]
[SourceVersionDate "2009.03.25"]
[SourceQuality "1"]

1. e4 e5 2. Nf3 Nc6 3. Bc4 Bc5 4. d3 Nf6 5. Nc3 d6 6. h3 Be6 7. Bb3 0-0 8. Be3 Bb6 9. 0-0 d5 10. Bxb6 axb6 11. exd5 Nxd5 12. Qe1 Nxc3 13. Qxc3 Qf6 14. Rae1 Bxh3 15. Nxe5 Qg5 16. Bd5 Rad8 17. Bf3 Nd4 18. Be4 Ne6 19. Kh2 Qf4+ 20. g3 Qh6 21. Rh1 Bf5+ 22. Kg2 Qf6 23. Bxf5 Qxf5 24. Re4 Rfe8 25. Reh4 h6 26. Ng4 Ng5 27. Nxh6+ gxh6 28. Rxh6 Kf8 29. Rh8+ Ke7 30. Re1+ Ne6 31. Rxe8+ Rxe8 32. Qxc7+ Kf8 33. Qxb7 Nf4+ 34. gxf4 Rxe1 35. Qf3 Qg6+ 36. Kh2 Qh6+ 37. Kg3 Rg1+ 0-1

[Event "CRO-ch U15 16th"]
[Site "Sibenik"]
[Date "2007.08.30"]
[Round "7"]
[White "Imsirovic, Alen"]
[Black "Stocko, Josip"]
[Result "0-1"]
[WhiteElo "1860"]
[BlackElo "1874"]
[PlyCount "188"]
[EventDate "2007.08.27"]
[EventType "swiss"]
[EventRounds "9"]
[EventCountry "CRO"]
[SourceTitle "CBM 120 Extra"]
[Source "ChessBase"]
[SourceDate "2007.11.01"]
[SourceVersion "1"]
[SourceVersionDate "2007.11.01"]
[SourceQuality "1"]

1. c4 Nf6 2. Nf3 e6 3. d4 d5 4. Nc3 c6 5. Bf4 Nbd7 6. e3 Qa5 7. Bd3 dxc4 8. Bxc4 Nb6 9. Bc7 Qb4 10. Bxb6 Qxc4 11. Bc7 Bb4 12. Qc2 Nd5 13. Nd2 Bxc3 14. bxc3 Qxc3 15. Qxc3 Nxc3 16. 0-0 b6 17. Rfe1 Ba6 18. f3 Rc8 19. Bg3 0-0 20. Kf2 Nd5 21. Nb3 Rfd8 22. Rec1 Nb4 23. Kg1 Bd3 24. Rc3 Ba6 25. e4 Bb7 26. Kf2 a5 27. a4 Ba6 28. Ke3 Rd7 29. Kf4 h6 30. Bf2 Rb8 31. Kg3 Kf8 32. Be1 Ke7 33. Rcc1 Rc7 34. Rc3 Bd3 35. Kh3 Rd7 36. Rac1 f5 37. Bg3 Rc8 38. e5 g5 39. Be1 f4 40. Bf2 Bf5+ 41. g4 fxg3+ 42. Kxg3 Na2 43. R1c2 Bxc2 44. Rxc2 Nb4 45. Rc3 Ra7 46. Be1 Nd5 47. Rc1 Nf4 48. Rc2 Kd7 49. Bd2 Rf8 50. Kg4 Nd5 51. Kg3 Nb4 52. Rc1 Nd5 53. Rc2 Ne7 54. Kg4 Raa8 55. Be1 Nf5 56. Rc3 Rad8 57. Bf2 Kc7 58. Rc2 Rd5 59. Rc3 Rd7 60. h4 gxh4 61. Bxh4 Nxd4 62. Nxd4 Rxd4+ 63. Kg3 Rxa4 64. Be7 Rff4 65. Bd6+ Kb7 66. Rc1 h5 67. Rg1 h4+ 68. Kf2 Kc8 69. Rg8+ Kd7 70. Rg7+ Kc8 71. Rc7+ Kd8 72. Rh7 Ke8 73. Re7+ Kd8 74. Rh7 b5 75. Rh8+ Kd7 76. Rh7+ Kc8 77. Rc7+ Kd8 78. Rh7 b4 79. Rh8+ Kd7 80. Rh7+ Kc8 81. Rc7+ Kb8 82. Rf7+ Ka8 83. Rxf4 Ra2+ 84. Ke3 b3 85. Kd3 h3 86. Kc3 h2 87. Rh4 b2 88. Kc2 Ra1 89. Kxb2 h1Q 90. Rxh1 Rxh1 91. Kb3 Kb7 92. Kc4 Rf1 93. Kd3 Rxf3+ 94. Ke4 Rb3 0-1